Ekonomická propaganda a žurnalistika

Salvato in:
Dettagli Bibliografici
Autore principale: Kašík, Milan
Natura: Libro
Lingua:ceco
Pubblicazione: Praha Novinář 1982
Serie:Knihovnička novináře sv. 27
Tags: Aggiungi Tag
Nessun Tag, puoi essere il primo ad aggiungerne!!

MARC

LEADER 00000nam a2200000 4500
001 c138122
005 20041019155312.1
041 0 |a cze 
044 |a CZ 
245 1 0 |a Ekonomická propaganda a žurnalistika  |c Milan Kašík 
264 1 |a Praha  |b Novinář  |c 1982 
300 |a 110 s. 
490 1 |a Knihovnička novináře  |v sv. 27 
830 0 |a Knihovnička novináře  |v sv. 27 
100 1 |a Kašík, Milan